REGTECH Book

Saved in:
Bibliographic Details
Main Author: Barberis et al
Format: Book
Published: Wiley
Subjects:
Tags: Add Tag
No Tags, Be the first to tag this record!

MARC

LEADER 00000nam a2200000Ia 4500
005 20260427112649.0
526 |b FinTech 
100 |a Barberis et al. 
020 |a 9781119362142 
650 |a RegTech 
526 |a Masters 
942 |c BK 
245 |a REGTECH Book 
260 |b Wiley 
999 |c 29  |d 29 
952 |0 0  |1 0  |4 0  |7 0  |8 3  |a BRISTOL  |b BRISTOL  |d 2026-04-22  |l 0  |p 000095  |r 2026-04-27 11:26:49  |w 2026-04-27  |y BK